000 00340nam a22001457a 4500
020 _qPB.
040 _cFIZZA ISHAQ
082 _a006.3
_bRUS
100 _aJ. STUART RUSSELL.
_991499
245 _aARTIFICIAL INTELLIGENCE A MODERN APPROACH /
250 _a3rd ED.
260 _bPEARSON,
_c2020.
300 _a1132 P. ;
942 _2ddc
_cBK
999 _c589616
_d589616